000 00217nam a22000857a 4500
008 160712b xxu||||| |||| 00| 0 eng d
100 _92635
_a Dreamland
245 _aPeter Pan
260 _aNew Delhi
_bDreamland Publication
999 _c2289
_d2289